Power stations and substations (Record no. 545466)
[ view plain ]
| 000 -LEADER | |
|---|---|
| fixed length control field | 00687cam a22001811 4500 |
| 082 ## - DEWEY DECIMAL CLASSIFICATION NUMBER | |
| Classification number | 621.3121 |
| Author Mark | BAP |
| -- | L-10,P-35 |
| 100 1# - MAIN ENTRY--PERSONAL NAME | |
| Personal name | Baptidanov, Lev Nikolaevich. |
| 9 (RLIN) | 41322 |
| 245 10 - TITLE STATEMENT | |
| Title | Power stations and substations |
| Statement of responsibility, etc. | [by] L. Baptidanov and V. Tarasov. Translated from the Russian by J. Feinberg. |
| 260 ## - PUBLICATION, DISTRIBUTION, ETC. | |
| Place of publication, distribution, etc. | Moscow, |
| Name of publisher, distributor, etc. | Peace Publishers |
| Date of publication, distribution, etc. | [196-?] |
| 300 ## - PHYSICAL DESCRIPTION | |
| Extent | 462 p. |
| Other physical details | illus. |
| Dimensions | 23 cm. |
| 500 ## - GENERAL NOTE | |
| General note | Translation of Ėlektricheskie stant͡s︡ii i podstant͡s︡ii. |
| 526 ## - STUDY PROGRAM INFORMATION NOTE | |
| Program name | 0 |
| Interest level | 0 |
| Reading level | 0 |
| Title point value | 621_312100000000000_BAP |
| 650 #0 - SUBJECT ADDED ENTRY--TOPICAL TERM | |
| Topical term or geographic name entry element | Electric power-plants. |
| 9 (RLIN) | 35699 |
| 650 #0 - SUBJECT ADDED ENTRY--TOPICAL TERM | |
| Topical term or geographic name entry element | Electric substations. |
| 9 (RLIN) | 41323 |
| 650 #0 - SUBJECT ADDED ENTRY--TOPICAL TERM | |
| Topical term or geographic name entry element | MCE |
| 9 (RLIN) | 379 |
| 700 1# - ADDED ENTRY--PERSONAL NAME | |
| Personal name | Tarasov, Vladimir Ilʹich, |
| 9 (RLIN) | 41324 |
| 942 ## - ADDED ENTRY ELEMENTS (KOHA) | |
| Source of classification or shelving scheme | |
| Koha item type | Book |
| Withdrawn status | Lost status | Source of classification or shelving scheme | Damaged status | Not for loan | Permanent Location | Current Location | Date acquired | Total Checkouts | Full call number | Barcode | Date last seen | Price effective from | Koha item type |
|---|---|---|---|---|---|---|---|---|---|---|---|---|---|
| Military College of Engineering (MCE) | Military College of Engineering (MCE) | 05/23/2014 | 621.3121 BAP | MCE-2857 | 05/23/2014 | 05/23/2014 | Book |
